000 01844nam0a2200385 i 4500
001 RU\NLR\BIBL_A\010021281
005 20260503064018.0
010 _a9785494003300
_91000
021 _aRU
_b2013-92661
_96418
035 _a(NILC)RuMoRGB-006705269
035 _a(NLR Aleph) 010021281
090 _a9902653
_c9902653
100 _a20140115d2013 u y0rusy50 ca
101 0 _arus
102 _aRU
105 _ay|||z|||000yy
200 1 _aДесять базовых признаков эффективного управления
_eреализация стандарта второго поколения
_e[пособие
_fАнисимов Михаил Владимирович и др.
_gпод общ. ред. Р.Г. Чураковой]
205 _a[2-е изд., испр.]
210 _aМосква
_cАкадемкнига/Учебник
_d2013
215 _a135, [1] с.
_d21
225 1 _aБиблиотека руководителя и методиста
_eвведение ФГОС
225 1 _aПерспективная начальная школа
_eАУ
320 _aБиблиогр. в конце кн. (31 назв.)
606 1 _aСреднее образование
_xОбразовательные стандарты
_xВнедрение
_yРоссийская Федерация
_92098512
_3RU\NLR\AUTH\661572966
686 _aЧ421,6(2)211,0
_2rubbk
686 _aЧ421,6(2)410,0
_2rubbk
686 1 _aЧ421.211я7
701 1 _aАнисимов
_bМ. В.
_gМихаил Владимирович
_4220
702 1 _4340
_aЧуракова
_bР. Г.
_cканд. пед. наук
_gРоза Гельфановна
_9131883
_3RU\NLR\AUTH\770131917
801 0 _aRU
_bRuMoRKP
_c20120502
_gRCR
801 2 _aRU
_bРГБ
_c20131204
_grcr
942 _cBOOK
980 _aNBR